| 000 | 00540pab a2200205 454500 | ||
|---|---|---|---|
| 008 | 180718b2008 xxu||||| |||| 00| 0 eng d | ||
| 100 | _aDujardin, Claire | ||
| 245 | _aResidential segregation and unemployment: the case of Brussels | ||
| 260 | _c2008 | ||
| 300 | _ap.89-113. | ||
| 362 | _aJan | ||
| 650 | _aUnemployment - Brussels | ||
| 650 | _aRacial segregation - Brussels | ||
| 650 | _aRacial segregation | ||
| 700 | _aThomas, Isabelle | ||
| 700 | _aSelod, Harris | ||
| 773 | _aUrban Studies | ||
| 908 | _aN | ||
| 909 | _a77689 | ||
| 999 |
_c77689 _d77689 |
||